LEADER 01130nam--2200409---450- 001 990001187380203316 005 20031008120959.0 010 $a88-386-3209-X 035 $a000118738 035 $aUSA01000118738 035 $a(ALEPH)000118738USA01 035 $a000118738 100 $a20031008d1997----km-y0itay0103----ba 101 0 $aita 102 $aIT 105 $a||||||||001yy 200 1 $aIPv6$fSilvano Gay [i.e. Gai] 210 $aMilano$cMcGraw-Hill$dcopyr. 1997 215 $aXVIII, 284 p.$d24 cm 225 2 $aStudio e professione 300 $aTit. in cop. : Guida a IPv6 410 0$12001$aStudio e professione 454 1$12001 461 1$1001-------$12001 606 0 $aTPC/IP 606 0 $aInternet 676 $a004.62 700 1$aGAI,$bSilvano$021991 801 0$aIT$bsalbc$gISBD 912 $a990001187380203316 951 $a004.62 GAI$b10231 Ing.$c004.62 959 $aBK 969 $aTEC 979 $aSIAV3$b10$c20031008$lUSA01$h1210 979 $aPATRY$b90$c20040406$lUSA01$h1725 996 $aIPv6$9982788 997 $aUNISA LEADER 01135nam0-2200385---450 001 990005722450203316 005 20190403125016.0 035 $a000572245 035 $aUSA01000572245 035 $a(ALEPH)000572245USA01 035 $a000572245 100 $a20070717d1985----|||y0itaa50------ba 101 $afre 102 $afr 105 $a0 00||| 200 1 $a<> musique des Lumières$eDiderot, L'Encyclopédie, Rousseau$fBéatrice Didier 210 $aParis$cPresses Universitaires de France$dc1985 215 $a478 p.$d22 cm. 225 2 $aEcriture$fdirigée par Béatrice Didier 410 0$12001$aEcriture 606 $aMusica francese$xIlluminismo$2F 620 $dPARIS 676 $a780.944 700 1$aDIDIER,$bBeatrice$0385083 801 0$aIT$bSA$c20111219 912 $a990005722450203316 950 0$aDipar.to di Filosofia - Salerno$dDFCC 780.944 DID$e1334 FIL 951 $aCC 780.944 DID$b1334 FIL 959 $aBK 969 $aFIL 979 $c20121027$lUSA01$h1526 979 $c20121027$lUSA01$h1615 996 $aMusique des Lumières$91083444 997 $aUNISA NUM $aSA0021382